| 000 | 00940nas a2200301 4500 | ||
|---|---|---|---|
| 001 | BR8806881 | ||
| 003 | BR-BrBNA | ||
| 005 | 20231205091349.0 | ||
| 007 | ta | ||
| 008 | 230509b bl.|||p| |||| 00| 00por d | ||
| 040 |
_aBR-BrBNA _bpor _cBiblioteca Nacional de Agricultura |
||
| 041 | _a(Pt) | ||
| 072 | _aP33; P32 | ||
| 100 | 1 | _aPolivanov. H. | |
| 100 | 1 | _aAntunes, F. dos S. | |
| 100 | 1 | _aBarroso, J.A. | |
| 245 | 1 | _aTentativa de correlacao entre a capacidade de troca cationica e a atividade de solos com horizonte B latossolico | |
| 650 | _aANALISE QUIMICA | ||
| 650 | _aSOLO | ||
| 650 | _aRECONHECIMENTO DO SOLO | ||
| 650 | _aPERFIL DO SOLO | ||
| 650 | _aCAPACIDADE DE TROCA | ||
| 650 | _aCATION | ||
| 650 | _aLATOSSOLO | ||
| 773 | 0 |
_tAnais da Academia Brasileira de Ciencias (Brazil) _xISSN 0001-3765 _g(Sep 1987), v. 59(3) p. 198-202 _wBR8806881 |
|
| 909 |
_a202311 _bLúcia _c55 _dLúcia Elande |
||
| 942 |
_2AGRIS _n0 _cANA |
||
| 999 |
_c124596 _d124596 |
||